Những vấn đề lý luận cơ bản về quan hệ pháp luật : Sách chuyên khảo

Trong khoa học pháp lý, khái niệm quan hệ pháp luật là một trong những khái niệm cơ bản thuộc phạm vi nghiên cứu của khoa học lý luận chung về Nhà nước và pháp luật và được xem xét một cách cụ thể hơn trong các môn khoa học pháp lý chuyên n...

Descrizione completa

Salvato in:
Dettagli Bibliografici
Autore principale: Lê Vương Long
Natura: Libro
Lingua:Vietnamese
Pubblicazione: H. Chính trị Quốc gia Sự thật 2013
Soggetti:
Tags: Aggiungi Tag
Nessun Tag, puoi essere il primo ad aggiungerne! !
Thư viện lưu trữ: Thư viện Trường Đại học Nam Cần Thơ
LEADER 01295nam a22002057a 4500
001 NCT_4_012234
008 240912b xxu||||| |||| 00| 0 vie d
999 |c 8576  |d 8576 
020 |c 32000 
082 0 4 |2 23rd ed.  |a 340.1  |b L431 
100 1 |a Lê Vương Long 
245 1 0 |a Những vấn đề lý luận cơ bản về quan hệ pháp luật :  |b Sách chuyên khảo  |c Lê Vương Long 
260 |a H.  |b Chính trị Quốc gia Sự thật  |c 2013 
300 |a 175 tr.  |c 21cm 
520 3 |a Trong khoa học pháp lý, khái niệm quan hệ pháp luật là một trong những khái niệm cơ bản thuộc phạm vi nghiên cứu của khoa học lý luận chung về Nhà nước và pháp luật và được xem xét một cách cụ thể hơn trong các môn khoa học pháp lý chuyên ngành 
653 |a Luật học 
942 |2 ddc  |c BK 
952 |0 0  |1 0  |2 ddc  |4 0  |6 340_100000000000000_L431  |7 0  |9 29321  |a 000001  |b 000001  |d 2024-09-12  |o 340.1 L431  |p MD.22654  |r 2024-09-12  |v 32000.00  |w 2024-09-12  |y BK 
952 |0 0  |1 0  |2 ddc  |4 0  |6 340_100000000000000_L431  |7 0  |9 29322  |a 000001  |b 000001  |d 2024-09-12  |o 340.1 L431  |p MD.22655  |r 2024-09-12  |v 32000.00  |w 2024-09-12  |y BK 
980 |a Thư viện Trường Đại học Nam Cần Thơ